00346nam a22001217a 450000500170000000800410001708200140005811000320007224500560010426000460016030000100020665000080021620200604094451.0200604b xxu||||| |||| 00| 0 eng d a345.4 AIR aThe All India Reporter Ltd. aThe All India Reporter1987 (V-74) KARNATAKA Section aBOMBAYbThe All India Reporter Ltd.c1987 a288p. aLAW